02019nam0a22002891 4500001001500000005001700015035002600032100004100058101001300099102000700112105001800119200060500137210010800742215002200850311007500872320003900947454030800986488011301294700003201407702007001439702011401509801001801623801002201641801002701663852002101690852001801711v19\rc\161751220250618225544.0 a(NLR Aleph) 004735667 a20061002e18981897|||y0rusy50 ca1 aruscger aRU ay z |||||1 aЗаболевания мозга, мозговых оболочек и венозных пазух ушного происхожденияe(D-r Otto Körner, Die otitischen Erkrankungen des Hirns, der Hirnhäute und der Blutleiter. Mit einem Vorwort von Ernst von-Bergmann. 2., gröstentheils umgearbeitete Auflage. 1896)fD-r Otto Korner, э.-о. проф. и дир. Поликлиники болезней ушей и гортани в РостокеgС предисл. проф. Эрнста фон-БергманаgПер. с 2-го нем. изд. д-ра мед. А.Р. Ильиша aСанкт-Петербургcжурн. "Практ. медицина" (В.С. Эттингер)d1898 aVIII, 140 с.d24 aОтт. из журн. "Практ. медицина". 1897, № 11-12 aБиблиогр. в примеч. 012001#$aDie otitischen Erkrankungen des Hirns, der Hirnhäute und der Blutleiter$fMit einem Vorwort von Ernst von-Bergmann1205##$a2., gröstentheils umgearbeitete Auflage1210##$d18961700#1$aKörner$bO.$gOttotDie otitischen Erkrankungen des Hirns, der Hirnhäute und der BlutleiteraKörner, Otto 012001#$aПрактическая медицина$v1897, № 11-12tПрактическая медицина 1aКернерbО.gОтто 1aИльишbА. Р.gАлександр Робертович4730 140807ca8rusaБергманнbЭ. фонcхирургf1836-1907gЭрнст фон3RU\NLR\AUTH\770243470 0aRUbNLRgpsbo 0aRUbRuMoRGB2psbo 1aRUbProSoft-M2rusmarc aNLRj20.102.6.18 aNLRj132/4879